| 000 | 00376nam a2200157Ia 4500 | ||
|---|---|---|---|
| 008 | 240401s2022 xx und d | ||
| 041 | _aeng | ||
| 082 | _a612/BHI | ||
| 100 | _aMRS. M. S. BHISE | ||
| 245 | _aPHARMACOLOGY -III | ||
| 250 | _a5 | ||
| 260 |
_aPUNE _bNIRALI PRAKSHAN _c2022 |
||
| 300 | _aP.B/5.30 | ||
| 650 | _aPHARMACOLOGY | ||
| 650 | _aPHARMACOLOGY -III | ||
| 999 |
_c1152270 _d1152270 |
||